MARC

Tag First Indicator Second Indicator Subfields
LEADER 00000cam a2200000Ia 4500
001 in00002457708
005 20210727074444.0
006 m d
007 cr cn|||||||||
008 081017s2005 gw ab sb 001 0 eng d
020 |a 3540272445 
020 |a 9783540272441 
035 |a (OCoLC)262680295 
035 |a (OCoLC)ocn262680295 
035 |a 3070172 
037 |a 978-3-540-23797-6  |b Springer  |n http://www.springerlink.com 
040 |a GW5XE  |b eng  |c GW5XE  |d UtOrBLW 
043 |a w------ 
049 |a TEFA 
050 1 4 |a SD414.T76  |b M66 2005eb 
070 1 |a SD414.T76  |b M66 2005 
072 7 |a SD  |2 lcco 
082 0 4 |a 333.75/16  |2 22 
100 1 |a Montagnini, Florencia,  |d 1950-  |0 http://id.loc.gov/authorities/names/n89666710 
245 1 0 |a Tropical forest ecology :  |b the basis for conservation and management /  |c Florencia Montagnini, Carl F. Jordan. 
264 1 |a Berlin ;  |a New York :  |b Springer,  |c [2005] 
264 4 |c ©2005 
300 |a xi, 295 pages :  |b illustrations, maps ;  |c 25 cm. 
336 |a text  |b txt  |2 rdacontent 
337 |a computer  |b c  |2 rdamedia 
338 |a online resource  |b cr  |2 rdacarrier 
490 1 |a Tropical forestry,  |x 1614-9785 
500 |a Electronic resource. 
504 |a Includes bibliographical references (pages [255]-279) and index. 
533 |a Electronic reproduction.  |b New York :  |c Springer,  |d 2008.  |n Mode of access: World Wide Web.  |n System requirements: Web browser.  |n Title from title screen (viewed on Oct. 10, 2008).  |n Access may be restricted to users at subscribing institutions. 
650 0 |a Forest conservation  |z Tropics.  |0 http://id.loc.gov/authorities/subjects/sh2009125429 
650 0 |a Forest management  |z Tropics.  |0 http://id.loc.gov/authorities/subjects/sh2008121049 
650 0 |a Rain forest conservation.  |0 http://id.loc.gov/authorities/subjects/sh91000925 
650 0 |a Rain forest ecology.  |0 http://id.loc.gov/authorities/subjects/sh85111192 
650 0 |a Rain forests  |x Management.  |0 http://id.loc.gov/authorities/subjects/sh93006520 
650 6 |a Écologie des forêts pluviales. 
650 6 |a Forêts pluviales  |x Conservation. 
650 6 |a Forêts pluviales  |x Gestion. 
650 6 |a Forêts  |x Conservation  |z Régions tropicales. 
650 6 |a Forêts  |x Gestion  |z Régions tropicales. 
655 7 |a Electronic books.  |2 local 
700 1 |a Jordan, Carl F.  |0 http://id.loc.gov/authorities/names/n81036767 
710 2 |a SpringerLink (Online service)  |0 http://id.loc.gov/authorities/names/no2005046756 
776 1 |c Original  |z 3540237976  |z 9783540237976  |w (DLC) 2004116536  |w (OCoLC)60588999 
830 0 |a Tropical forestry.  |x 1614-9785  |0 http://id.loc.gov/authorities/names/n2005039942 
856 4 0 |u http://proxy.library.tamu.edu/login?url=https://dx.doi.org/10.1007/b138811  |z Connect to the full text of this electronic book  |t 0 
856 4 2 |3 Contributor biographical information  |u http://www.loc.gov/catdir/enhancements/fy0818/2004116536-b.html  |t 0 
856 4 2 |3 Publisher description  |u http://www.loc.gov/catdir/enhancements/fy0662/2004116536-d.html  |t 0 
994 |a C0  |b TEF 
999 |a MARS 
999 f f |s 64e837ac-6d1d-34e8-b8ec-7b3cefeb23d0  |i 39b37c79-83d8-3e8a-ae36-ae2ec889a2d8  |t 0 
952 f f |a Texas A&M University  |b College Station  |c Electronic Resources  |d Available Online  |t 0  |e SD414.T76 M66 2005eb  |h Library of Congress classification 
998 f f |a SD414.T76 M66 2005eb  |t 0  |l Available Online